[Event "G7-2 2014"]
[Site "Skorping"]
[Date "2014.04.17"]
[Round "3"]
[White "Ehlers, Kjeld"]
[Black "Meldgaard, Frode"]
[Result "1-0"]
[WhiteElo "1537"]
[BlackElo "1798"]
[PlyCount "98"]
[EventDate "2014.??.??"]
[EventType "swiss"]
[EventRounds "7"]

1. d4 f5 2. Nf3 Nf6 3. c4 e6 4. a3 d6 5. Nc3 Be7 6. Qc2 O-O 7. e4 Qe8 8. Bd3
fxe4 9. Nxe4 Nxe4 10. Bxe4 g6 11. O-O Nc6 12. Bh6 Rxf3 13. Bxf3 Nxd4 14. Qd3
Bf6 15. Rfe1 Qf7 16. Bg4 Bd7 17. Be3 Nc6 18. f4 Re8 19. Re2 b6 20. Rae1 a5 21.
Bf3 Ne7 22. Bg4 Rf8 23. Bd4 Nf5 24. Bxf6 Qxf6 25. Bxf5 gxf5 26. b4 axb4 27.
axb4 Kf7 28. c5 bxc5 29. bxc5 d5 30. Re5 c6 31. Qa6 Kg6 32. R1e3 h5 33. Rg3+
Kh6 34. Rg5 Rb8 35. Qe2 Qf7 36. h3 Rb4 37. g4 Rxf4 38. Rxh5+ Kg6 39. gxf5+ exf5
40. Rh8 Qg7 41. Qg2+ Kf6 42. Qxg7+ Kxg7 43. Rd8 Rc4 44. Rxd7+ Kf6 45. Re2 Rxc5
46. Rd6+ Kg5 47. Re8 Rc1+ 48. Kf2 Rc2+ 49. Kf3 f4 1-0

[Event "G7-2 2014"]
[Site "Skorping"]
[Date "2014.04.17"]
[Round "3"]
[White "Hansen, Erik Olsgaard"]
[Black "Andersen, Aage Kristian"]
[Result "1-0"]
[WhiteElo "1777"]
[BlackElo "1588"]
[PlyCount "25"]
[EventDate "2014.??.??"]
[EventType "swiss"]
[EventRounds "7"]

1. e4 e6 2. Nf3 d6 3. d4 g6 4. Bg5 Be7 5. Bxe7 Nxe7 6. Nc3 O-O 7. Qd2 b6 8.
O-O-O d5 9. e5 a6 10. g4 c5 11. Qh6 f6 12. exf6 Nec6 13. Qg7# 1-0

[Event "G7-2 2014"]
[Site "Skorping"]
[Date "2014.04.17"]
[Round "3"]
[White "Hansen, Henrik Damgaard"]
[Black "Johansen, Kjeld"]
[Result "1-0"]
[WhiteElo "1733"]
[BlackElo "1580"]
[PlyCount "137"]
[EventDate "2014.??.??"]
[EventType "swiss"]
[EventRounds "7"]

1. e4 c5 2. d4 cxd4 3. c3 dxc3 4. Nxc3 Nc6 5. Nf3 e6 6. Bc4 d6 7. O-O a6 8. Qe2
Nge7 9. a3 Ng6 10. Rd1 Be7 11. Be3 O-O 12. Rac1 b5 13. Ba2 Bb7 14. b4 Qc7 15.
Nd5 exd5 16. exd5 Qd7 17. dxc6 Bxc6 18. Nd4 Bb7 19. Qd2 Rac8 20. h3 Rxc1 21.
Rxc1 Bf6 22. Ne2 Nh4 23. Bd5 Bxd5 24. Qxd5 Nf5 25. Bb6 Qe6 26. Qxe6 fxe6 27. g4
Ne7 28. Rd1 d5 29. Nf4 Kf7 30. Bc5 Re8 31. Nd3 Nc6 32. Kg2 d4 33. f4 g5 34. Kf3
gxf4 35. Kxf4 e5+ 36. Ke4 Ke6 37. Nc1 Ne7 38. Nb3 Nd5 39. Rf1 Nc3+ 40. Kd3 Rd8
41. Bxd4 exd4 42. Nc5+ Ke7 43. Re1+ Kf7 44. Re6 Re8 45. Rxa6 Re3+ 46. Kd2 Rxh3
47. Ra7+ Kg6 48. Ne6 h6 49. Nf4+ Kg5 50. Nxh3+ Kxg4 51. Ng1 Bg5+ 52. Kd3 Be3
53. Rg7+ Kh5 54. Nf3 Nb1 55. Ra7 Kg4 56. Nxd4 Bg5 57. Ne2 h5 58. Kc2 Nd2 59.
Nd4 h4 60. Nxb5 h3 61. Rh7 Nf3 62. Rxh3 Kxh3 63. a4 Be7 64. Kc3 Ne5 65. Nd4 Nd7
66. a5 Bxb4+ 67. Kxb4 Nb8 68. Kb5 Kg4 69. Nc6 1-0

[Event "G7-2 2014"]
[Site "Skorping"]
[Date "2014.04.17"]
[Round "3"]
[White "Jakobsen, Niels Jorgen"]
[Black "Holmstrom, Johan Ravnborg"]
[Result "1/2-1/2"]
[WhiteElo "1641"]
[BlackElo "1744"]
[PlyCount "40"]
[EventDate "2014.??.??"]
[EventType "swiss"]
[EventRounds "7"]

1. e4 Nf6 2. Nc3 d5 3. exd5 Nxd5 4. Bc4 c6 5. Nf3 Bg4 6. O-O e6 7. h3 Bh5 8.
Ne4 Be7 9. c3 Nd7 10. d4 Qc7 11. Re1 h6 12. Bd2 O-O-O 13. b4 Bxf3 14. Qxf3 Rdf8
15. Nc5 g5 16. Bxd5 cxd5 17. a4 h5 18. Nd3 g4 19. hxg4 hxg4 20. Qf4 Qxf4
1/2-1/2

[Event "G7-2 2014"]
[Site "Skorping"]
[Date "2014.04.17"]
[Round "3"]
[White "Jessen, Ernst J"]
[Black "Rose, Dennis Lauge"]
[Result "0-1"]
[WhiteElo "1602"]
[BlackElo "1746"]
[PlyCount "74"]
[EventDate "2014.??.??"]
[EventType "swiss"]
[EventRounds "7"]

1. e4 c5 2. Nf3 Nc6 3. Bc4 d6 4. O-O Nf6 5. d3 Bg4 6. Bb5 Qc8 7. Bg5 Nd7 8.
Bxc6 Qxc6 9. Bf4 h6 10. h3 Bh5 11. Nbd2 g5 12. Bh2 g4 13. Nh4 Nf6 14. hxg4 Nxg4
15. Ndf3 Bg7 16. Qc1 Bf6 17. Bg3 Qd7 18. c3 Rg8 19. Qd2 Qe6 20. Rfe1 Bxh4 21.
Nxh4 Ne5 22. b3 Rg4 23. Re3 Qf6 24. Nf3 Ng6 25. d4 Nf4 26. e5 dxe5 27. Nxe5 Rg5
28. Re4 Ng6 29. Rae1 Nxe5 30. Rxe5 Rxe5 31. Rxe5 Bg4 32. Rxc5 Rd8 33. Rc7 Rd5
34. Rxb7 Qg6 35. Qf4 Kf8 36. Bh4 Rh5 37. Bg3 Qb1+ 0-1

[Event "G7-2 2014"]
[Site "Skorping"]
[Date "2014.04.17"]
[Round "3"]
[White "Jorgensen, Alexander Torp"]
[Black "Jacobsen, Per"]
[Result "1-0"]
[WhiteElo "1745"]
[BlackElo "1536"]
[PlyCount "73"]
[EventDate "2014.??.??"]
[EventType "swiss"]
[EventRounds "7"]

1. d4 Nf6 2. c4 e5 3. dxe5 Ne4 4. a3 Nc6 5. Nf3 d6 6. Qc2 Bf5 7. Nc3 Ng3 8. e4
Nxh1 9. exf5 dxe5 10. Be3 Be7 11. Rd1 Qc8 12. b4 O-O 13. Nd5 Re8 14. b5 Nd4 15.
Nxd4 exd4 16. Nxe7+ Rxe7 17. Rxd4 Qe8 18. Qd3 c5 19. Rd5 b6 20. f6 Re6 21. fxg7
Kxg7 22. Be2 Qe7 23. Rh5 h6 24. Qc3+ Qf6 25. Bxh6+ Kg8 26. Qxf6 Rxf6 27. Be3
Re8 28. Bf3 Rd8 29. Rd5 Rdd6 30. Kf1 Rxd5 31. Bxd5 Kg7 32. f3 Rf5 33. Kg1 Re5
34. Be4 f5 35. Bf4 Re7 36. Bd3 Rd7 37. Bf1 1-0

[Event "G7-2 2014"]
[Site "Skorping"]
[Date "2014.04.17"]
[Round "3"]
[White "Konradsen, Steen"]
[Black "Strange, Markus"]
[Result "0-1"]
[WhiteElo "1519"]
[BlackElo "1360"]
[PlyCount "92"]
[EventDate "2014.??.??"]
[EventType "swiss"]
[EventRounds "7"]

1. b3 e5 2. Bb2 Nc6 3. e3 d5 4. Bb5 Nge7 5. Nf3 f6 6. O-O Bg4 7. Be2 Qd7 8. d3
g5 9. e4 O-O-O 10. Nbd2 Bg7 11. Ne1 h5 12. f3 Be6 13. c4 d4 14. a4 f5 15. Ba3
g4 16. a5 h4 17. b4 h3 18. g3 f4 19. gxf4 exf4 20. fxg4 Be5 21. Bf3 Rdg8 22.
Kf2 Bxg4 23. Rg1 Bxf3 24. Ndxf3 Rxg1 25. Nxg1 Ng6 26. Ngf3 Bd6 27. c5 Be7 28.
Ke2 Qg4 29. Kd2 Nce5 30. Nxd4 Qxd1+ 31. Rxd1 Rd8 32. Nef3 Bf6 33. Ke2 Nxf3 34.
Nxf3 c6 35. d4 Ne7 36. Bc1 Ng6 37. e5 Be7 38. Rg1 Nh4 39. Nxh4 Bxh4 40. Rg4
Rxd4 41. Rxh4 f3+ 42. Kxf3 Rxh4 43. Bf4 Kd7 44. Ke4 Ke6 45. Kf3 Kf5 46. Bg3
Rxb4 0-1

[Event "G7-2 2014"]
[Site "Skorping"]
[Date "2014.04.17"]
[Round "3"]
[White "Larsen, Henning"]
[Black "May, Samuel Peter Heine"]
[Result "1/2-1/2"]
[WhiteElo "1737"]
[BlackElo "1571"]
[PlyCount "30"]
[EventDate "2014.??.??"]
[EventType "swiss"]
[EventRounds "7"]

1. e4 e5 2. Nf3 Nf6 3. Nxe5 d6 4. Nf3 Nxe4 5. d4 d5 6. Bd3 Nf6 7. O-O Be7 8. c4
O-O 9. Nc3 Bg4 10. Re1 Nc6 11. cxd5 Nxd5 12. Nxd5 Qxd5 13. Be4 Qd6 14. Bxc6
bxc6 15. Qd3 Bxf3 1/2-1/2

[Event "G7-2 2014"]
[Site "Skorping"]
[Date "2014.04.17"]
[Round "3"]
[White "Larsen, Jens Evald"]
[Black "Ng, Sau Wai"]
[Result "1-0"]
[WhiteElo "1242"]
[BlackElo "1116"]
[PlyCount "107"]
[EventDate "2014.??.??"]
[EventType "swiss"]
[EventRounds "7"]

1. d4 d5 2. c4 c6 3. e3 Nf6 4. Nc3 e6 5. Nf3 Nbd7 6. Bd3 dxc4 7. Bxc4 b5 8. Bd3
Bb7 9. O-O Qc7 10. h3 Rd8 11. Qe2 a6 12. Ne4 h6 13. Bd2 c5 14. Nxf6+ Nxf6 15.
Rac1 Qb6 16. dxc5 Bxc5 17. Rc3 O-O 18. Rd1 Rfe8 19. Bb1 b4 20. Rcc1 Bd6 21. Ne1
Bb8 22. Nf3 a5 23. Be1 Ba6 24. Bd3 Bb7 25. Bb5 Re7 26. Rxd8+ Qxd8 27. a3 Bxf3
28. Qxf3 Qd6 29. g3 bxa3 30. bxa3 Rc7 31. Rd1 Qe7 32. Bxa5 Rc5 33. Bb4 Bd6 34.
Bxc5 Bxc5 35. a4 Nd5 36. Rc1 Bb4 37. Bd3 Qa7 38. Qd1 g6 39. Rc4 Qa5 40. Rc6 Nc3
41. Qb3 Nd5 42. Rc4 Kf8 43. e4 Bd6 44. exd5 exd5 45. Rc8+ Ke7 46. Qd1 Kd7 47.
Qg4+ Ke7 48. Bb5 Qe1+ 49. Kg2 h5 50. Re8+ Kf6 51. Qf3+ Kg7 52. Rxe1 f5 53. Qxd5
Bb4 54. Re6 1-0

[Event "G7-2 2014"]
[Site "Skorping"]
[Date "2014.04.17"]
[Round "3"]
[White "Pedersen, Lars Wisler"]
[Black "Nielsen, Rune"]
[Result "1/2-1/2"]
[WhiteElo "1808"]
[BlackElo "1607"]
[PlyCount "111"]
[EventDate "2014.??.??"]
[EventType "swiss"]
[EventRounds "7"]

1. e4 e6 2. d4 d5 3. exd5 exd5 4. Bd3 Nf6 5. Nf3 Be7 6. Bf4 O-O 7. O-O h6 8.
Re1 Be6 9. Ne5 c5 10. c3 Qb6 11. Qd2 Nc6 12. Re3 cxd4 13. Nxc6 Qxc6 14. cxd4
Nh5 15. Be5 Bg5 16. f4 Bxf4 17. Bxf4 Nxf4 18. Bc2 Nh5 19. Nc3 a6 20. Re5 Nf6
21. Rf1 Ng4 22. Re2 Qd6 23. g3 Rae8 24. Qd3 f5 25. Qf3 Bd7 26. Rxe8 Rxe8 27.
Qxd5+ Qxd5 28. Nxd5 g6 29. Bb3 Kg7 30. h3 Nf6 31. Rc1 Bc6 32. Nxf6 Kxf6 33. d5
Bb5 34. a4 Re3 35. axb5 Rxg3+ 36. Kf1 Rxb3 37. bxa6 bxa6 38. Rc6+ Ke5 39. Rxa6
Rxh3 40. Rxg6 Kxd5 41. Kg2 Rh5 42. Ra6 Ke4 43. Ra4+ Ke3 44. Ra3+ Ke2 45. Kg3
Rh1 46. Kg2 Rb1 47. Ra5 f4 48. Rf5 Rxb2 49. Rxf4 Ke3+ 50. Kg3 Rg2+ 51. Kxg2
Kxf4 52. Kh1 Kg5 53. Kh2 Kh4 54. Kh1 Kh3 55. Kg1 h5 56. Kh1 1/2-1/2

[Event "G7-2 2014"]
[Site "Skorping"]
[Date "2014.04.17"]
[Round "3"]
[White "Porsgaard, Per Lykke"]
[Black "Petersen, Bjarne (1954)"]
[Result "1/2-1/2"]
[WhiteElo "1451"]
[BlackElo "1657"]
[PlyCount "70"]
[EventDate "2014.??.??"]
[EventType "swiss"]
[EventRounds "7"]

1. d4 g6 2. c4 Bg7 3. Nc3 c5 4. d5 Bxc3+ 5. bxc3 f5 6. Nf3 Qa5 7. Qb3 Nf6 8. e3
d6 9. Bd3 Nbd7 10. O-O Nb6 11. Re1 Bd7 12. Qb2 Ne4 13. Bxe4 fxe4 14. Nd2 Bf5
15. Qb5+ Qxb5 16. cxb5 Nxd5 17. c4 Nb4 18. Bb2 e5 19. Rec1 O-O 20. Ba3 Nd3 21.
Rc3 a5 22. g4 Bxg4 23. Nxe4 Nb4 24. Nxd6 Rad8 25. Nxb7 Rd2 26. Nxc5 Rfxf2 27.
Ne4 Rg2+ 28. Kf1 Rde2 29. Nf6+ Kf7 30. Nxg4 h5 31. Nxe5+ Ke6 32. Nd3 Nxd3 33.
Rxd3 Rgf2+ 34. Kg1 Rg2+ 35. Kf1 Rgf2+ 1/2-1/2

[Event "G7-2 2014"]
[Site "Skorping"]
[Date "2014.04.17"]
[Round "3"]
[White "Rasmussen, Henning (1934)"]
[Black "Kristensen, Peter"]
[Result "0-1"]
[WhiteElo "1734"]
[BlackElo "1765"]
[PlyCount "82"]
[EventDate "2014.??.??"]
[EventType "swiss"]
[EventRounds "7"]

1. f4 Nf6 2. Nf3 g6 3. b3 Bg7 4. Bb2 O-O 5. e3 d6 6. Be2 Nbd7 7. O-O c6 8. c4
a5 9. Nc3 Nc5 10. d4 Nce4 11. Nd2 Nxd2 12. Qxd2 e5 13. dxe5 dxe5 14. Qxd8 Rxd8
15. Rad1 Bf5 16. Rxd8+ Rxd8 17. Rd1 Re8 18. fxe5 Ng4 19. e4 Bc8 20. Na4 Nxe5
21. c5 Bg4 22. Bxg4 Nxg4 23. Bxg7 Kxg7 24. Re1 Nf6 25. e5 Nd7 26. Kf1 Rxe5 27.
Rxe5 Nxe5 28. Ke2 Kf6 29. h3 Ke6 30. Nc3 Nd7 31. Ne4 h6 32. a3 f5 33. Nd2 Nxc5
34. b4 axb4 35. axb4 Na6 36. b5 cxb5 37. Kd3 Kd5 38. Kc3 Ke5 39. g3 Nc7 40. Kd3
Ne6 41. Nf3+ Kf6 0-1

[Event "G7-2 2014"]
[Site "Skorping"]
[Date "2014.04.17"]
[Round "3"]
[White "Rasmussen, Johnny Koust"]
[Black "Thybo, Thomas Sondergaard"]
[Result "1-0"]
[WhiteElo "1759"]
[BlackElo "1466"]
[PlyCount "79"]
[EventDate "2014.??.??"]
[EventType "swiss"]
[EventRounds "7"]

1. e4 c6 2. d4 d5 3. Nc3 dxe4 4. Nxe4 Bf5 5. Ng3 Bg6 6. Nf3 Nd7 7. h4 h6 8. h5
Bh7 9. Bd3 Bxd3 10. Qxd3 e6 11. Bf4 Ngf6 12. O-O-O Nd5 13. Bd2 Bd6 14. Ne4 Bc7
15. g4 Nf4 16. Qb3 b5 17. Bb4 a5 18. Nd6+ Bxd6 19. Bxd6 a4 20. Qe3 Nd5 21. Qe2
N7b6 22. Be5 Nc4 23. Bxg7 Rh7 24. Be5 a3 25. b3 Nb2 26. Qe4 f5 27. gxf5 Nb4 28.
Qg4 Nxa2+ 29. Kb1 Nc3+ 30. Ka1 Kd7 31. fxe6+ Ke7 32. Qh4+ Kxe6 33. Qxd8 Rxd8
34. Rde1 Kf5 35. Rhg1 Rd5 36. Rg6 Rxe5 37. Nxe5 Ncd1 38. Rxc6 Nxf2 39. Rf1 Nbd1
40. Nd3 1-0

[Event "G7-2 2014"]
[Site "Skorping"]
[Date "2014.04.18"]
[Round "4"]
[White "Andersen, Aage Kristian"]
[Black "Staugaard, Henning"]
[Result "1-0"]
[WhiteElo "1588"]
[BlackElo "1320"]
[PlyCount "51"]
[EventDate "2014.??.??"]
[EventType "swiss"]
[EventRounds "7"]

1. d4 d5 2. c4 Nc6 3. Nf3 Bf5 4. Nc3 Nb4 5. Qa4+ Nc6 6. cxd5 Nf6 7. dxc6 bxc6
8. Qxc6+ Bd7 9. Qc4 Rb8 10. e4 e6 11. Ne5 Rb4 12. Qd3 Qa8 13. Nxd7 Nxd7 14. a3
Rb3 15. Be2 c5 16. Bd1 Rb6 17. O-O cxd4 18. Qxd4 e5 19. Qd5 Qb8 20. Ba4 Bd6 21.
Bxd7+ Kxd7 22. Qxf7+ Be7 23. Bg5 Qd8 24. Rad1+ Rd6 25. Rxd6+ Kxd6 26. Bxe7+ 1-0

[Event "G7-2 2014"]
[Site "Skorping"]
[Date "2014.04.18"]
[Round "4"]
[White "Asmund, Erik"]
[Black "Konradsen, Steen"]
[Result "1/2-1/2"]
[WhiteElo "1425"]
[BlackElo "1519"]
[PlyCount "72"]
[EventDate "2014.??.??"]
[EventType "swiss"]
[EventRounds "7"]

1. e4 c6 2. Nc3 d5 3. Nf3 Bg4 4. Be2 Bxf3 5. Bxf3 d4 6. Ne2 e5 7. O-O Nd7 8. d3
Ngf6 9. Ng3 g6 10. b3 h5 11. h3 Be7 12. Be2 Qc7 13. Bd2 O-O-O 14. Qc1 Rdg8 15.
f4 exf4 16. Bxf4 Bd6 17. Bxd6 Qxd6 18. Qf4 Qxf4 19. Rxf4 g5 20. Rf5 g4 21. h4
Rg6 22. Raf1 Re8 23. a4 c5 24. Rg5 Re5 25. Rxe5 Nxe5 26. Rf5 Ned7 27. Nxh5 Nxh5
28. Rxh5 f6 29. g3 Ne5 30. Kf2 Kc7 31. Ke1 Kb6 32. Rf5 Ka5 33. Kd2 b5 34. axb5
Kxb5 35. Rf1 a5 36. c3 a4 1/2-1/2

[Event "G7-2 2014"]
[Site "Skorping"]
[Date "2014.04.18"]
[Round "4"]
[White "Ehlers, Kjeld"]
[Black "Larsen, Henning"]
[Result "1/2-1/2"]
[WhiteElo "1537"]
[BlackElo "1737"]
[PlyCount "44"]
[EventDate "2014.??.??"]
[EventType "swiss"]
[EventRounds "7"]

1. d4 d5 2. c4 e6 3. Nf3 Nf6 4. Nc3 Be7 5. e3 O-O 6. cxd5 exd5 7. Bd3 c6 8. h3
Re8 9. O-O Nbd7 10. Re1 Nf8 11. a3 h6 12. b4 Bd7 13. Ne5 Qc8 14. Nxd7 N8xd7 15.
Qc2 Bd6 16. Bb2 Qc7 17. Re2 Re7 18. Rae1 Rae8 19. e4 dxe4 20. Nxe4 Nxe4 21.
Bxe4 Nf6 22. Bf3 Rxe2 1/2-1/2

[Event "G7-2 2014"]
[Site "Skorping"]
[Date "2014.04.18"]
[Round "4"]
[White "Holmstrom, Johan Ravnborg"]
[Black "Pedersen, Lars Wisler"]
[Result "1-0"]
[WhiteElo "1744"]
[BlackElo "1808"]
[PlyCount "109"]
[EventDate "2014.??.??"]
[EventType "swiss"]
[EventRounds "7"]

1. Nf3 f5 2. d3 Nf6 3. e4 fxe4 4. dxe4 Nxe4 5. Bd3 d5 6. Bxe4 dxe4 7. Qxd8+
Kxd8 8. Ng5 Ke8 9. Nc3 e5 10. Be3 Bb4 11. Ngxe4 Bf5 12. O-O-O Nd7 13. a3 Bxc3
14. Nxc3 c6 15. Rhe1 Kf7 16. Rd2 Rad8 17. Red1 Ke7 18. Re1 Rhe8 19. Bg5+ Nf6
20. Rxe5+ Be6 21. Rde2 Kf7 22. Bxf6 Kxf6 23. R5e3 g6 24. Ne4+ Kg7 25. Nc5 Bf7
26. Rxe8 Rxe8 27. Rxe8 Bxe8 28. Nxb7 Kf6 29. Kd2 Ke5 30. Nc5 Bf7 31. Ke3 h5 32.
Nd3+ Kf5 33. Kd4 h4 34. Ke3 g5 35. f3 Be6 36. g3 Kf6 37. f4 hxg3 38. hxg3 gxf4+
39. gxf4 Ke7 40. Kd4 Kd6 41. Nc5 Bf5 42. c4 Bc8 43. b4 Bf5 44. Ne4+ Kc7 45. Ng3
Bd7 46. Kc5 a6 47. f5 Be8 48. Ne4 a5 49. Nd6 Bh5 50. f6 axb4 51. axb4 Kd7 52.
f7 Ke7 53. Kxc6 Bg4 54. Kc7 Be6 55. c5 1-0

[Event "G7-2 2014"]
[Site "Skorping"]
[Date "2014.04.18"]
[Round "4"]
[White "Jacobsen, Per"]
[Black "Larsen, Jens Evald"]
[Result "1-0"]
[WhiteElo "1536"]
[BlackElo "1242"]
[PlyCount "52"]
[EventDate "2014.??.??"]
[EventType "swiss"]
[EventRounds "7"]

1. b3 e5 2. Bb2 d6 3. e3 Be7 4. Nf3 Nc6 5. Be2 Bf6 6. d4 exd4 7. exd4 Nge7 8.
O-O O-O 9. Nbd2 a6 10. Ne4 Nf5 11. Nxf6+ Qxf6 12. c4 b5 13. Rb1 Qd8 14. d5 Nce7
15. Qc2 Bb7 16. Bd3 g6 17. Qc3 f6 18. h3 c6 19. g4 Ng7 20. g5 Nef5 21. gxf6 Nh5
22. f7+ Kxf7 23. Bc1 Qf6 24. Qd2 Kg8 25. Bb2 Qf7 26. Qc3 Qg7 1-0

[Event "G7-2 2014"]
[Site "Skorping"]
[Date "2014.04.18"]
[Round "4"]
[White "Jakobsen, Niels Jorgen"]
[Black "Rasmussen, Johnny Koust"]
[Result "0-1"]
[WhiteElo "1641"]
[BlackElo "1759"]
[PlyCount "82"]
[EventDate "2014.??.??"]
[EventType "swiss"]
[EventRounds "7"]

1. e4 e5 2. Nf3 Nc6 3. Bc4 Bc5 4. b4 Bxb4 5. c3 Bc5 6. d4 exd4 7. O-O d6 8.
cxd4 Bb6 9. Qb3 Na5 10. Bxf7+ Kf8 11. Qd5 c6 12. Qh5 Nf6 13. Qh4 Kxf7 14. e5
Nd5 15. Bg5 Qf8 16. Qe4 h6 17. Bc1 Bd7 18. Nh4 Qc8 19. Qg6+ Kg8 20. Qxd6 Nc4
21. Qg6 Bxd4 22. Nd2 Nxd2 23. Bxd2 Bxa1 24. Re1 Bc3 25. Bxc3 Nxc3 26. e6 Be8
27. Qg3 Nd5 28. Nf5 Qc7 29. Qf3 Bg6 30. Nh4 Rf8 31. Qa3 Qe7 32. Qg3 Bh7 33. Nf3
Rf6 34. Qb8+ Rf8 35. Qe5 Qf6 36. Qd6 Qe7 37. Qe5 Bf5 38. Nd4 Qf6 39. Nxf5 Qxf5
40. Qxf5 Rxf5 41. e7 Kf7 0-1

[Event "G7-2 2014"]
[Site "Skorping"]
[Date "2014.04.18"]
[Round "4"]
[White "Kristensen, Peter"]
[Black "Hansen, Henrik Damgaard"]
[Result "1-0"]
[WhiteElo "1765"]
[BlackElo "1733"]
[PlyCount "123"]
[EventDate "2014.??.??"]
[EventType "swiss"]
[EventRounds "7"]

1. e4 g6 2. d4 Bg7 3. Nc3 d6 4. h3 a6 5. a4 b6 6. Nf3 e6 7. Bg5 Ne7 8. Qd2 O-O
9. Bh6 Nd7 10. h4 Re8 11. Bxg7 Kxg7 12. h5 Rh8 13. Bc4 h6 14. g4 Nf8 15. e5 Bb7
16. Qf4 Ng8 17. Bd3 g5 18. Qe3 d5 19. Ne2 Qe7 20. c3 Nd7 21. Nd2 c5 22. f4 Rb8
23. Nf3 f6 24. exf6+ Ngxf6 25. fxg5 Ne4 26. gxh6+ Rxh6 27. Bxe4 dxe4 28. g5
exf3 29. gxh6+ Kh8 30. Nf4 Qf6 31. Ng6+ Kh7 32. Kf2 Qf5 33. Qd2 Nf6 34. Qc1
Nxh5 35. Ne7 Qg4 36. Qg1 Nf6 37. Qxg4 Nxg4+ 38. Kg3 Nxh6 39. d5 Kg7 40. dxe6
Re8 41. Rxh6 Kxh6 42. Nf5+ Kg6 43. Nd6 Re7 44. Nxb7 Rxb7 45. Rd1 Kf6 46. Rd6 c4
47. Kxf3 b5 48. a5 b4 49. cxb4 Rxb4 50. Rb6 Ra4 51. Rxa6 c3 52. bxc3 Ra3 53.
Ke4 Rxc3 54. Kd5 Rd3+ 55. Kc5 Ke7 56. Rc6 Rb3 57. a6 Rb1 58. a7 Ra1 59. Kb6
Rb1+ 60. Kc7 Ra1 61. Kb7 Rb1+ 62. Rb6 1-0

[Event "G7-2 2014"]
[Site "Skorping"]
[Date "2014.04.18"]
[Round "4"]
[White "May, Samuel Peter Heine"]
[Black "Jorgensen, Alexander Torp"]
[Result "1/2-1/2"]
[WhiteElo "1571"]
[BlackElo "1745"]
[PlyCount "106"]
[EventDate "2014.??.??"]
[EventType "swiss"]
[EventRounds "7"]

1. d4 g6 2. c4 Bg7 3. Nf3 d6 4. g3 Nf6 5. Bg2 O-O 6. O-O c5 7. Nc3 Qb6 8. Qb3
Qc7 9. d5 a6 10. a4 Bg4 11. Bg5 Nbd7 12. Rfe1 Bxf3 13. Bxf3 h6 14. Bxf6 Bxf6
15. e4 Qb6 16. Qxb6 Nxb6 17. Be2 Bd4 18. a5 Nd7 19. Ra2 f5 20. Kg2 h5 21. h4 f4
22. f3 Ne5 23. Rf1 Rf6 24. Ra3 Kh7 25. Rb3 Rb8 26. Nd1 Rf7 27. Nf2 Bxf2 28.
Rxf2 Kh6 29. Kh3 Rf6 30. Rg2 fxg3 31. Rxg3 Nd7 32. Kg2 Rf4 33. Rh3 b6 34. axb6
Rxb6 35. Rxb6 Nxb6 36. b3 a5 37. Kg3 Rf8 38. Rh1 a4 39. bxa4 Nxa4 40. Ra1 Nc3
41. Bd3 g5 42. hxg5+ Kxg5 43. Ra7 h4+ 44. Kf2 Rf7 45. Ra8 Nd1+ 46. Ke2 Nb2 47.
Rg8+ Kh6 48. Rh8+ Rh7 49. Rg8 Kh5 50. Bb1 Nxc4 51. e5 Rh6 52. Bf5 h3 53. f4 h2
1/2-1/2

[Event "G7-2 2014"]
[Site "Skorping"]
[Date "2014.04.18"]
[Round "4"]
[White "Meldgaard, Frode"]
[Black "Jessen, Ernst J"]
[Result "1-0"]
[WhiteElo "1798"]
[BlackElo "1602"]
[PlyCount "59"]
[EventDate "2014.??.??"]
[EventType "swiss"]
[EventRounds "7"]

1. e4 e6 2. Nf3 d5 3. exd5 exd5 4. d4 Nf6 5. Bg5 Be7 6. Nbd2 O-O 7. Be2 h6 8.
Bxf6 Bxf6 9. O-O Bf5 10. Nb3 Nd7 11. h3 Re8 12. Bd3 Bxd3 13. Qxd3 g6 14. c3 c6
15. Rfe1 Qc7 16. Qd2 Kg7 17. Nc1 Nf8 18. Nd3 Ne6 19. h4 Be7 20. Re2 Bd6 21.
Rae1 Re7 22. Nde5 f6 23. Ng4 g5 24. Rxe6 Rxe6 25. Rxe6 Rf8 26. hxg5 hxg5 27.
Nxf6 Bf4 28. Nh5+ Kh7 29. Nxf4 gxf4 30. Qd3+ 1-0

[Event "G7-2 2014"]
[Site "Skorping"]
[Date "2014.04.18"]
[Round "4"]
[White "Ng, Sau Wai"]
[Black "Bichel, Nikolaj"]
[Result "1/2-1/2"]
[WhiteElo "1116"]
[BlackElo "1196"]
[PlyCount "21"]
[EventDate "2014.??.??"]
[EventType "swiss"]
[EventRounds "7"]

1. d4 d5 2. c4 c6 3. Nf3 g6 4. e3 Bg7 5. Bd3 Be6 6. cxd5 cxd5 7. Nc3 Nf6 8. O-O
O-O 9. Qc2 Nc6 10. Bd2 Nb4 11. Qb1 1/2-1/2

[Event "G7-2 2014"]
[Site "Skorping"]
[Date "2014.04.18"]
[Round "4"]
[White "Petersen, Bjarne (1954)"]
[Black "Johansen, Kjeld"]
[Result "1/2-1/2"]
[WhiteElo "1657"]
[BlackElo "1580"]
[PlyCount "77"]
[EventDate "2014.??.??"]
[EventType "swiss"]
[EventRounds "7"]

1. g3 d5 2. Bg2 c5 3. c4 Nf6 4. cxd5 Nxd5 5. Nc3 Nb6 6. d3 Nc6 7. Nf3 g6 8. O-O
Bg7 9. Bf4 O-O 10. a4 h6 11. h4 e5 12. Be3 Nd4 13. Ne4 Qe7 14. Rc1 Nd7 15. Nxd4
cxd4 16. Bd2 Nf6 17. Nxf6+ Bxf6 18. Bxh6 Re8 19. Qd2 Be6 20. Bg5 Rab8 21. Bxf6
Qxf6 22. Rc7 Re7 23. Rfc1 a6 24. Qb4 Rxc7 25. Rxc7 b5 26. Re7 Kg7 27. Rb7 Rc8
28. f3 g5 29. Qe7 gxh4 30. Qxf6+ Kxf6 31. axb5 axb5 32. gxh4 Rc2 33. Kf2 Rxb2
34. Rb6 Kg7 35. h5 b4 36. h6+ Kh7 37. f4 Bf5 38. Kf3 exf4 39. Kxf4 1/2-1/2

[Event "G7-2 2014"]
[Site "Skorping"]
[Date "2014.04.18"]
[Round "4"]
[White "Porsgaard, Per Lykke"]
[Black "Rasmussen, Henning (1934)"]
[Result "0-1"]
[WhiteElo "1451"]
[BlackElo "1734"]
[PlyCount "44"]
[EventDate "2014.??.??"]
[EventType "swiss"]
[EventRounds "7"]

1. d4 Nf6 2. c4 g6 3. Nc3 Bg7 4. e4 d6 5. f4 O-O 6. Nf3 c5 7. d5 Ne8 8. Bd3 e6
9. O-O exd5 10. Nxd5 Nc6 11. f5 gxf5 12. exf5 f6 13. Bd2 Ne5 14. Nxe5 dxe5 15.
b4 Nc7 16. Be4 cxb4 17. Bxb4 Re8 18. Ne7+ Kh8 19. Nxc8 Qxc8 20. Qh5 Na6 21.
Rab1 Nxb4 22. Rxb4 Qc5+ 0-1

[Event "G7-2 2014"]
[Site "Skorping"]
[Date "2014.04.18"]
[Round "4"]
[White "Rose, Dennis Lauge"]
[Black "Nielsen, Rune"]
[Result "1-0"]
[WhiteElo "1746"]
[BlackElo "1607"]
[PlyCount "61"]
[EventDate "2014.??.??"]
[EventType "swiss"]
[EventRounds "7"]

1. f4 Nf6 2. Nf3 d6 3. e3 g6 4. d4 Bg7 5. Bd3 O-O 6. c3 a6 7. Nbd2 b5 8. O-O
Bb7 9. f5 Nbd7 10. fxg6 hxg6 11. Qe1 e5 12. Qh4 Nh7 13. Qg3 Ndf6 14. Bc2 Nh5
15. Qf2 Qe7 16. Bb3 N7f6 17. Qh4 exd4 18. exd4 Qe3+ 19. Kh1 Qd3 20. Ng5 Rae8
21. Re1 Re2 22. Ndf3 Bh6 23. Rd1 Qf5 24. Re1 Bxg5 25. Bxg5 Bxf3 26. Rxe2 Bxe2
27. Re1 Kg7 28. h3 Bd3 29. g4 Qf3+ 30. Kh2 Nf4 31. Bxf6+ 1-0

[Event "G7-2 2014"]
[Site "Skorping"]
[Date "2014.04.18"]
[Round "4"]
[White "Strange, Markus"]
[Black "Hansen, Erik Olsgaard"]
[Result "0-1"]
[WhiteElo "1360"]
[BlackElo "1777"]
[PlyCount "122"]
[EventDate "2014.??.??"]
[EventType "swiss"]
[EventRounds "7"]

1. e4 c5 2. c3 Nc6 3. Nf3 d5 4. exd5 Qxd5 5. c4 Qe4+ 6. Be2 Ne5 7. Qb3 Nxf3+ 8.
Qxf3 Qxf3 9. Bxf3 e6 10. O-O Bd6 11. Nc3 Nf6 12. b3 O-O 13. Bb2 Be5 14. Rfe1
Bd4 15. Rad1 Rb8 16. Ba1 Rd8 17. a3 b6 18. Re2 Bb7 19. Bxb7 Rxb7 20. h3 Nh5 21.
Kf1 Rbd7 22. g3 Re8 23. a4 f5 24. Nb5 Bxa1 25. Rxa1 a6 26. Nc3 Kf7 27. a5 Rb8
28. Ke1 Rd6 29. Re3 Nf6 30. d3 Nd7 31. Kd2 bxa5 32. Kc2 Rdb6 33. Rxa5 Rxb3 34.
Rxa6 Rb2+ 35. Kc1 R2b6 36. Rxb6 Rxb6 37. Nb5 Kf6 38. Kd2 Ra6 39. Kc3 g5 40. d4
cxd4+ 41. Kxd4 Ra2 42. f4 gxf4 43. gxf4 Rf2 44. Nc7 Rxf4+ 45. Kc3 Nc5 46. Kb4
Re4 47. Rc3 Nb7 48. Rd3 Ke7 49. Nb5 f4 50. Nd4 e5 51. Nf3 Nd6 52. Rc3 Re2 53.
c5 Rb2+ 54. Rb3 Rxb3+ 55. Kxb3 Nf7 56. Kc3 Ke6 57. Kc4 h6 58. c6 Kd6 59. c7 Kd7
60. Kd5 Kxc7 61. Nxe5 Nxe5 0-1